| 000 | 00359nam a22001217a 4500 | ||
|---|---|---|---|
| 020 | _a9781138814868 | ||
| 082 |
_a629.892 _bJON |
||
| 100 | _aJones, Raya | ||
| 245 |
_aPersonhood and Social Robotics: _ba psychological consideration / _cRaya Jones |
||
| 260 |
_aNew york : _bRoutledge , _c2016. |
||
| 300 |
_aVI, 213p. ; _bHardbinding , |
||
| 942 |
_2ddc _cBK |
||
| 999 |
_c611521 _d611521 |
||